| 000 | 00612nac a22001811u 4500 | ||
|---|---|---|---|
| 008 | 101011s2002 mau|||||r|||| 00| 0 eng d | ||
| 020 | _a025613989X | ||
| 082 |
_a658.802 _bMAS TR _222 |
||
| 100 |
_aMason, Charlotte H. _920266 |
||
| 245 |
_aInstructor's Manual to accompany The Marketing Game/ _cCharlotte H. Mason, William D. Perreault, Jr. |
||
| 250 | _a3rd ed. | ||
| 260 |
_aBoston _bMcGraw-Hill _c2002 |
||
| 300 |
_a271 p. ; _c27 cm. |
||
| 650 |
_aMarketing _xDecision making. _920267 |
||
| 650 |
_aManagement games. _920268 |
||
| 700 |
_4Perreault, William D. _920269 |
||
| 942 |
_cBB _k658.802 MAS TR _2ddc |
||
| 999 |
_c205 _d205 |
||